<?xml version="1.0" encoding="UTF-8"?><?xml-stylesheet type="text/xsl" href="static/style.xsl"?><OAI-PMH xmlns="http://www.openarchives.org/OAI/2.0/" xmlns:xsi="http://www.w3.org/2001/XMLSchema-instance" xsi:schemaLocation="http://www.openarchives.org/OAI/2.0/ http://www.openarchives.org/OAI/2.0/OAI-PMH.xsd"><responseDate>2026-06-29T02:31:49Z</responseDate><request verb="GetRecord" identifier="oai:docta.ucm.es:20.500.14352/114295" metadataPrefix="marc">https://docta.ucm.es/rest/oai/request</request><GetRecord><record><header><identifier>oai:docta.ucm.es:20.500.14352/114295</identifier><datestamp>2025-03-18T13:42:35Z</datestamp><setSpec>com_20.500.14352_14</setSpec><setSpec>col_20.500.14352_15</setSpec></header><metadata><record xmlns="http://www.loc.gov/MARC21/slim" xmlns:dcterms="http://purl.org/dc/terms/" xmlns:xsi="http://www.w3.org/2001/XMLSchema-instance" xmlns:doc="http://www.lyncode.com/xoai" xsi:schemaLocation="http://www.loc.gov/MARC21/slim http://www.loc.gov/standards/marcxml/schema/MARC21slim.xsd">
   <leader>00925njm 22002777a 4500</leader>
   <datafield ind2=" " ind1=" " tag="042">
      <subfield code="a">dc</subfield>
   </datafield>
   <datafield ind2=" " ind1=" " tag="720">
      <subfield code="a">Civera, Alba</subfield>
      <subfield code="e">author</subfield>
   </datafield>
   <datafield ind2=" " ind1=" " tag="720">
      <subfield code="a">Tvorynska, Sofiia</subfield>
      <subfield code="e">author</subfield>
   </datafield>
   <datafield ind2=" " ind1=" " tag="720">
      <subfield code="a">Gamella Carballo, María</subfield>
      <subfield code="e">author</subfield>
   </datafield>
   <datafield ind2=" " ind1=" " tag="720">
      <subfield code="a">Torrente Rodríguez, Rebeca Magnolia</subfield>
      <subfield code="e">author</subfield>
   </datafield>
   <datafield ind2=" " ind1=" " tag="720">
      <subfield code="a">Pedrero Muñoz, María</subfield>
      <subfield code="e">author</subfield>
   </datafield>
   <datafield ind2=" " ind1=" " tag="720">
      <subfield code="a">Galan-Malo, Patricia</subfield>
      <subfield code="e">author</subfield>
   </datafield>
   <datafield ind2=" " ind1=" " tag="720">
      <subfield code="a">Mata, Luis</subfield>
      <subfield code="e">author</subfield>
   </datafield>
   <datafield ind2=" " ind1=" " tag="720">
      <subfield code="a">Sanchez, Lourdes</subfield>
      <subfield code="e">author</subfield>
   </datafield>
   <datafield ind2=" " ind1=" " tag="720">
      <subfield code="a">Barek, Jiri</subfield>
      <subfield code="e">author</subfield>
   </datafield>
   <datafield ind2=" " ind1=" " tag="720">
      <subfield code="a">Pingarrón Carrazón, José Manuel</subfield>
      <subfield code="e">author</subfield>
   </datafield>
   <datafield ind2=" " ind1=" " tag="720">
      <subfield code="a">Campuzano Ruiz, Susana</subfield>
      <subfield code="e">author</subfield>
   </datafield>
   <datafield ind2=" " ind1=" " tag="720">
      <subfield code="a">Perez, Maria D.</subfield>
      <subfield code="e">author</subfield>
   </datafield>
   <datafield ind2=" " ind1=" " tag="260">
      <subfield code="c">2023</subfield>
   </datafield>
   <datafield ind2=" " ind1=" " tag="520">
      <subfield code="a">A novel electrochemical bioplatform for Pru du 6 determination, one of the most abundant and allergenic almond proteins, was developed to detect traces of almonds in processed foods. The bioplatform combines the application of a sandwich immunoassay on the surface of magnetic beads using specific antibodies unmodified or conjugated to horseradish peroxidase as capture and detection antibodies. The resulting magnetic bioconjugates are trapped on the surface of disposable carbon electrodes, and amperometry in the presence of hydrogen peroxide and hydroquinone is employed to measure the change in the cathodic current, which is proportional to Pru du 6 concentration. The developed bioplatform exhibited good selectivity and sensitivity, offering a detection limit of 0.12 ng/mL of Pru du 6. It could determine Pru du 6 in raw dough and baked cookies incurred with 0.2 µg/ g of almond protein with acceptable precision, providing results comparable to those obtained using an ELISA technique.</subfield>
   </datafield>
   <datafield ind1="8" ind2=" " tag="024">
      <subfield code="a">Alba Civera, Sofiia Tvorynska, Maria Gamella, Rebeca M. Torrente-Rodríguez, María Pedrero, Patricia Galán-Malo, Luis Mata, Lourdes Sánchez, Jiří Barek, José M. Pingarrón, Susana Campuzano, María D. Pérez, First biosensing platform for detecting traces of almonds in processed foods by electrochemical determination of the allergenic protein Pru du 6, Microchemical Journal, Volume 195, 2023, 109403</subfield>
   </datafield>
   <datafield ind1="8" ind2=" " tag="024">
      <subfield code="a">10.1016/j.microc.2023.109403</subfield>
   </datafield>
   <datafield ind1="8" ind2=" " tag="024">
      <subfield code="a">https://hdl.handle.net/20.500.14352/114295</subfield>
   </datafield>
   <datafield ind1="8" ind2=" " tag="024">
      <subfield code="a">https://www.sciencedirect.com/science/article/pii/S0026265X23010226?via%3Dihub</subfield>
   </datafield>
   <datafield ind2="0" ind1="0" tag="245">
      <subfield code="a">First biosensing platform for detecting traces of almonds in processed foods by electrochemical determination of the allergenic protein Pru du 6</subfield>
   </datafield>
</record></metadata></record></GetRecord></OAI-PMH>